United States Tax Court

Detalles Bibliográficos
Formato: Desconocido
Lenguaje:inglés
Publicado: [Washington] : [s.n.]
Materias:
Acceso en línea:Acceso restringido

MARC

LEADER 00000ny a22000003n 4500
005 20110510145141.0
008 100413d19959999us ur f0 a0eng
035 |a 2590 
040 |a BUS  |d vLex 
090 |c 1588  |d 1588 
245 3 0 |a United States Tax Court  |h [Recurso electrn̤ico] 
256 |a Servicio en ln̕ea 
260 |a [Washington] :  |b [s.n.] 
650 0 4 |a Derecho fiscal  |x Publicaciones perid̤icas 
650 0 4 |a Jurisprudencia  |x Publicaciones perid̤icas 
740 0 |a vLex Revista (Servicios en ln̕ea) 
843 |a Electrn̤ica. Abierta 
853 |8 1  |i (year)  |j (month)  |k (day) 
856 4 0 |z Acceso restringido  |u http://vlex.com/account/login_ip?fuente_id=2590  
942 |c REV